| 000 | 00826nam a2200253 i 4500 | ||
|---|---|---|---|
| 005 | 20180803164942.0 | ||
| 008 | 140303b1995 ec ||||| |||| 00| 0 spa d | ||
| 040 |
_aCO-BoIAVH _cCO-BoIAVH |
||
| 041 | _aspa | ||
| 044 | _aec | ||
| 082 | 0 | 4 |
_a582.1609866 _bC96a |
| 100 | 1 | _aCuamacás, S. Bibiana | |
| 245 | 1 | 0 |
_aArboles de los bosques interandinos del norte del Ecuador / _cS. Bibiana Cuamacás & Galo A. Tipaz. |
| 260 |
_aQuito : _bMuseo Ecuatoriano de Ciencias Naturales, _c1995. |
||
| 300 | _a231 páginas | ||
| 490 | 0 | 0 |
_aMonografía ; _v4 |
| 650 | 1 | 4 |
_aArboles _xClasificación _zEcuador. |
| 650 | 2 | 4 |
_aArboles _xIdentificación _zEcuador. |
| 650 | 2 | 4 |
_aArboles _zEcuador. |
| 650 | 2 | 4 | _aBosques |
| 662 | _aEcuador | ||
| 700 | 1 |
_aTipaz, Galo A. _eautor. |
|
| 942 |
_cLIBRO _2ddc |
||
| 999 |
_c1938 _d1938 |
||